000 00587nam a2200193Ia 4500
003 OSt
005 20200818101850.0
008 190216s9999||||xx |||||||||||||| ||und||
020 _a9788122430691
040 _coclc
082 _a547.1226
_bKAL/B
100 _aKalsi, P S
_94097
245 0 _aBioorganic, Bioinorganic And Supramolecular Chemistry /
_cP S Kalsi ; J P Kalsi
250 _a2nd Ed.
260 _bNew Age International Publishers,
_c2012.
_aNew Delhi:
300 _a414p
650 _aChemistry
942 _cBK
_2ddc
_h547.1226
_iKAL/B
_k547.1226
_mKAL/B
999 _c3691
_d3691